Aplicación de modelos físicos en geotecnia : un caso de estudio
Guardat en:
| Autor principal: | |
|---|---|
| Format: | Llibre |
| Publicat: |
[San José, Costa Rica]
2004
|
| Matèries: | |
| Etiquetes: |
Afegir etiqueta
Sense etiquetes, Sigues el primer a etiquetar aquest registre!
|
MARC
| LEADER | 00000nam a2200000Ia 4500 | ||
|---|---|---|---|
| 003 | 009334 | ||
| 005 | 20221231144138.0 | ||
| 008 | 140114s2004 cr a m 000 ||s d | ||
| 040 | |c cru CEDI | ||
| 090 | |a TFG 4873 | ||
| 100 | |a Chavarría Rodríguez, Eileen |9 6502 | ||
| 245 | |a Aplicación de modelos físicos en geotecnia : un caso de estudio | ||
| 260 | |c 2004 |a [San José, Costa Rica] | ||
| 300 | |a xi, 96, [20] hojas : ilustraciones a color | ||
| 500 | |a Proyecto de graduación (licenciatura en ingeniería civil)--Universidad de Costa Rica. Escuela de Ingeniería Civil | ||
| 650 | |x LICUEFACCION DE SUELOS |x MAQUETAS (ARQUITECTURA) |x RIO BANANITO (LIMON, COSTA RICA) |9 6503 | ||
| 942 | |c TFG | ||
| 999 | |c 17560 |d 17560 | ||
